Welcome to the Holygrace Academy Library

Please use search bar below to get started

THE VILLAGE OF STONE (Record no. 7355)

MARC details
000 -LEADER
fixed length control field 00257nam a22001217a 4500
082 ## - DEWEY DECIMAL CLASSIFICATION NUMBER
Classification number 823
Item number NAZ/V
100 ## - MAIN ENTRY--AUTHOR NAME
Personal name NAZZARI, A
245 ## - TITLE STATEMENT
Title THE VILLAGE OF STONE
260 ## - PUBLICATION, DISTRIBUTION, ETC. (IMPRINT)
Place of publication BOMBAY
Name of publisher ST.PAUL
Year of publication 1992
300 ## - PHYSICAL DESCRIPTION
Number of Pages 36
650 ## - SUBJECT ADDED ENTRY--TOPICAL TERM
Topical Term ENGLISH STORY
Geographic subdivision INDIA
942 ## - ADDED ENTRY ELEMENTS (KOHA)
Koha item type Books
Holdings
Withdrawn status Lost status Collection code Home library Current library Date acquired Source of acquisition Cost, normal purchase price Full call number Accession Number Koha item type
Withdrawn Damaged Item Fiction Main Library Main Library 01/03/2002 purchase 8.00 823 NAZ/V 00357 Books
Withdrawn Damaged Item Fiction Main Library Main Library 01/03/2002 purchase 8.00 823 NAZ/V 00359 Books
Withdrawn Damaged Item Fiction Main Library Main Library 01/03/2002 purchase 8.00 823 NAZ/V 00360 Books
Withdrawn Damaged Item Fiction Main Library Main Library 02/03/2002 purchase 8.00 823 NAZ/V 00361 Books